Vista normal
Vista MARC
Entrada Topical Term
Número de registros utilizados en: 1
001 - CONTROL NUMBER
- control field: 39099
003 - CONTROL NUMBER IDENTIFIER
- control field: OSt
005 - DATE AND TIME OF LATEST TRANSACTION
- control field: 20210805114136.0
008 - FIXED-LENGTH DATA ELEMENTS
- fixed length control field: 210805|| aca||aabn | a|a d
040 ## - CATALOGING SOURCE
- Original cataloging agency: OSt
- Transcribing agency: OSt
150 ## - HEADING--TOPICAL TERM
- Topical term or geographic name entry element: Post-conflict
- General subdivision: Economic
670 ## - SOURCE DATA FOUND
- Source citation: Work cat.: (OSt)12130: The World Bank 9685, The World Bank's experience with post-conflict reconstruction /, 1998.